书目信息 |
| 题名: |
艺术的用途和滥用
|
|
| 作者: | 巴尔赞 著 ;严忠志 译 | |
| 分册: | ||
| 出版信息: | 杭州 浙江大学出版社 2009.06 |
|
| 页数: | 191页 | |
| 开本: | 21cm | |
| 丛书名: | ||
| 单 册: | ||
| 中图分类: | J | |
| 科图分类: | ||
| 主题词: | 艺术--yi shu--研究 | |
| 电子资源: | ||
| ISBN: | 978-7-308-06731-7 | |
| 000 | 00917nam0 2200253 450 | |
| 001 | 012009267328 | |
| 005 | 20091128110114.09 | |
| 010 | @a978-7-308-06731-7@dCNY25.00 | |
| 100 | @a20091128d2009 em y0chiy0120 ea | |
| 101 | 1 | @achi@ceng |
| 102 | @aCN@b330000 | |
| 105 | @ay z 000yy | |
| 106 | @ar | |
| 200 | 1 | @a艺术的用途和滥用@Ayi shu de yong tu he lan yong@d= The Use and abuse of art@f(美) 雅克·巴尔赞著@F(mei)ya ke·ba er zan zhu@g严忠志译@Gyan zhong zhi yi@zeng |
| 210 | @a杭州@c浙江大学出版社@d2009.06 | |
| 215 | @a191页@d21cm | |
| 330 | @a本书主要介绍了我们为何应该质疑艺术、作为宗教的艺术的兴起、起到破坏作用的艺术、艺术的救赎作用等内容。 | |
| 500 | 10 | @aUse and abuse of art@mChinese |
| 606 | 0 | @a艺术@Ayi shu@x研究 |
| 690 | @aJ@v4 | |
| 701 | 1 | @a巴尔赞@Aba er zan@g(Barzun, Jacques)@4著 |
| 702 | 0 | @a严忠志@Ayan zhong zhi@4译 |
| 801 | 0 | @aCN@bRULIN@c20091128 |
| 905 | @b765983-85@dJ@eB029@f3 | |
| 艺术的用途和滥用= The Use and abuse of art/(美) 雅克·巴尔赞著/严忠志译.-杭州:浙江大学出版社,2009.06 |
| 191页;21cm |
| ISBN 978-7-308-06731-7:CNY25.00 |
| 本书主要介绍了我们为何应该质疑艺术、作为宗教的艺术的兴起、起到破坏作用的艺术、艺术的救赎作用等内容。 |
| ● |
| 相关链接 |
|
|
|
正题名:艺术的用途和滥用
索取号:J/B029
 
预约/预借
| 序号 | 登录号 | 条形码 | 馆藏地/架位号 | 状态 | 备注 |
| 1 | 765983 | 207659835 | 自科二线404/404自科库 11排6列6层/ [索取号:J/B029] | 在馆 | |
| 2 | 765984 | 207659844 | 社科库309/309社科库 61排1列1层/ [索取号:J/B029] | 在馆 | |
| 3 | 765985 | 207659853 | 自科二线404/404自科库 11排6列6层/ [索取号:J/B029] | 在馆 |